[Event "8th Asia-ch"]
[Site "Subic Bay Free Port PHI"]
[Date "2010.04.27"]
[Round "7"]
[White "Gupta, Abhijeet"]
[Black "Gopal, Geetha Narayanan"]
[Result "1-0"]
[WhiteElo "2560"]
[BlackElo "2604"]
[EventDate "2010.04.21"]
[PlyCount "71"]

1.d4 d5 2.c4 c6 3.Nf3 Nf6 4.Nc3 dxc4 5.a4 Bf5 6.Ne5 Nbd7 7.Nxc4 Qc7 8.g3 
e5 9.dxe5 Nxe5 10.Bf4 Nfd7 11.Bg2 g5 12.Ne3 gxf4 13.Nxf5 O-O-O 14.Qc2 Nc5 
15.O-O fxg3 16.hxg3 a5 17.Rad1 h5 18.Rxd8+ Qxd8 19.Rd1 Qf6 20.Bh3 Kb8 21.
Ne4 Nxe4 22.Qxe4 Bc5 23.e3 Kc7 24.b3 Rd8 25.Rxd8 Kxd8 26.Bf1 Nd7 27.Be2 
Qb2 28.Qd3 Kc7 29.Bxh5 Ne5 30.Qe4 f6 31.Nd4 Nd7 32.Ne6+ Kb6 33.Qd3 Qc1+ 
34.Kg2 Ne5 35.Qd8+ Ka6 36.Be2+ 1-0

[Event "8th Asia-ch"]
[Site "Subic Bay Free Port PHI"]
[Date "2010.04.27"]
[Round "7"]
[White "Zhou Jianchao"]
[Black "Gomez, John Paul"]
[Result "1-0"]
[WhiteElo "2650"]
[BlackElo "2507"]
[EventDate "2010.04.21"]
[PlyCount "67"]

1.d4 d5 2.c4 c6 3.Nf3 Nf6 4.e3 Bg4 5.h3 Bxf3 6.Qxf3 e6 7.Nc3 Nbd7 8.Bd3 
Bd6 9.cxd5 cxd5 10.O-O O-O 11.g4 Nb6 12.g5 Nfd7 13.h4 f5 14.a4 a5 15.Qd1 
Nb8 16.f4 Nc6 17.Bd2 Rc8 18.b3 Bb4 19.Na2 Ba3 20.Bb5 Nd7 21.Qe1 Qe7 22.Rb1
Qf7 23.Bxa5 Nxa5 24.Qxa5 Rc2 25.Rf2 Rxf2 26.Kxf2 Qh5 27.Rh1 Rc8 28.Qd2 Nf8
29.b4 Qf7 30.Qd3 Qh5 31.Qb3 Bc1 32.Nxc1 Rxc1 33.Rxc1 Qxh4+ 34.Ke2 1-0

[Event "8th Asia-ch"]
[Site "Subic Bay Free Port PHI"]
[Date "2010.04.27"]
[Round "7"]
[White "Bakre, Tejas"]
[Black "Ghaem Maghami, Ehsan"]
[Result "1/2-1/2"]
[WhiteElo "2465"]
[BlackElo "2575"]
[EventDate "2010.04.21"]
[PlyCount "51"]

1.Nf3 Nf6 2.c4 e6 3.Nc3 b6 4.e4 Bb7 5.e5 Ne4 6.Bd3 Ng5 7.Be2 Nxf3+ 8.Bxf3 
Bxf3 9.Qxf3 Nc6 10.Qe4 Bc5 11.O-O O-O 12.d3 f5 13.exf6 Qxf6 14.Be3 Bd4 15.
Bxd4 Qxd4 16.Qxd4 Nxd4 17.Rae1 c5 18.Re4 Rab8 19.Rc1 Rfd8 20.Kf1 Rdc8 21.
b3 a6 22.Ne2 Nf5 23.Ng3 Nd4 24.Ne2 Nf5 25.Ng3 Nd4 26.Ne2 1/2-1/2

[Event "8th Asia-ch"]
[Site "Subic Bay Free Port PHI"]
[Date "2010.04.27"]
[Round "7"]
[White "Yu Ruiyuan"]
[Black "Megaranto, Susanto"]
[Result "1-0"]
[WhiteElo "2309"]
[BlackElo "2527"]
[EventDate "2010.04.21"]
[PlyCount "121"]

1.e4 e5 2.Nc3 Nf6 3.Nf3 Nc6 4.Bb5 Nd4 5.Nxd4 exd4 6.e5 dxc3 7.exf6 Qxf6 8.
dxc3 Qe5+ 9.Qe2 Qxe2+ 10.Bxe2 d5 11.Bf4 c6 12.c4 Be6 13.cxd5 Bxd5 14.O-O 
Bc5 15.a3 O-O 16.Rfe1 Rfe8 17.Bd3 g6 18.Be5 Bf8 19.Re2 Bg7 20.Rae1 Bxe5 
21.Rxe5 Rxe5 22.Rxe5 Kf8 23.f4 Re8 24.Rxe8+ Kxe8 25.c4 Be6 26.c5 Ke7 27.
Kf2 h6 28.Ke3 Bd5 29.g3 Be6 30.Kd4 Bd5 31.Bf1 Bb3 32.Bh3 f6 33.Bc8 b6 34.
Bg4 b5 35.Bf3 Kd7 36.Be4 Bf7 37.h4 Be8 38.g4 Ke6 39.Bc2 a5 40.Bb3+ Ke7 41.
g5 h5 42.Bd1 Ke6 43.Ke4 Bf7 44.Bf3 Ke7 45.Kd4 Be8 46.Bg2 Bd7 47.Be4 Kf7 
48.Ke3 Kg7 49.Bf3 Be8 50.Kd4 Bd7 51.f5 fxg5 52.hxg5 Kf7 53.f6 a4 54.Ke5 
Be8 55.Kd6 h4 56.Bg4 Kf8 57.Ke5 Bf7 58.Kf4 Bd5 59.Bf3 h3 60.Bxd5 cxd5 61.
Kg3 1-0

[Event "8th Asia-ch"]
[Site "Subic Bay Free Port PHI"]
[Date "2010.04.27"]
[Round "7"]
[White "Khamrakulov, Dzhurabek"]
[Black "Wan Yunguo"]
[Result "1/2-1/2"]
[WhiteElo "2509"]
[BlackElo "2424"]
[EventDate "2010.04.21"]
[PlyCount "100"]

1.e4 e6 2.d4 d5 3.Nd2 c5 4.Ngf3 Nc6 5.c3 Nf6 6.Bd3 cxd4 7.cxd4 dxe4 8.Nxe4
Nxe4 9.Bxe4 Bb4+ 10.Bd2 Bxd2+ 11.Qxd2 O-O 12.O-O Bd7 13.Rac1 Qf6 14.Ne5 
Rfd8 15.Qe3 Be8 16.Rc4 Rd6 17.Bxc6 Bxc6 18.Qa3 Rd5 19.Rfc1 h5 20.g3 a5 21.
Nxc6 bxc6 22.Rxc6 Qxd4 23.Qc3 Qg4 24.Rc4 Qg5 25.h4 Qh6 26.Rc8+ Rxc8 27.
Qxc8+ Kh7 28.Qc2+ g6 29.Rd1 Rxd1+ 30.Qxd1 Qg7 31.Qf3 Qf8 32.Qb7 Kg7 33.Qb6
Qa8 34.a3 Qd5 35.b4 axb4 36.axb4 g5 37.hxg5 h4 38.gxh4 Qd1+ 39.Kh2 Qg4 40.
Qd6 Qxh4+ 41.Kg2 Qe4+ 42.Kg3 e5 43.Qf6+ Kg8 44.Qd8+ Kg7 45.Qd2 Qb1 46.Kg2 
Qe4+ 47.f3 Qb1 48.Kf2 Qb3 49.Qd6 Qc3 50.Kg3 e4 1/2-1/2

[Event "8th Asia-ch"]
[Site "Subic Bay Free Port PHI"]
[Date "2010.04.27"]
[Round "7"]
[White "Nguyen Huynh Minh Huy"]
[Black "Nguyen Ngoc Truong Son"]
[Result "1/2-1/2"]
[WhiteElo "2469"]
[BlackElo "2642"]
[EventDate "2010.04.21"]
[PlyCount "63"]

1.d4 Nf6 2.Nf3 b5 3.g3 Bb7 4.Bg2 e6 5.Bg5 Be7 6.Nbd2 O-O 7.O-O h6 8.Bxf6 
Bxf6 9.c3 Be7 10.Qb3 a6 11.c4 Nc6 12.Rfc1 Na5 13.Qd3 Nxc4 14.Nxc4 bxc4 15.
Qxc4 Bxf3 16.Bxf3 c6 17.e3 a5 18.b3 Qb6 19.Rab1 Rfb8 20.Qc2 Ra7 21.Be2 Ba3
22.Rd1 Rc7 23.Bd3 d5 24.Qe2 c5 25.dxc5 Rxc5 26.e4 Rd8 27.exd5 Rcxd5 28.Be4
Rd4 29.Rxd4 Qxd4 30.Bf3 Qc3 31.Rd1 Rxd1+ 32.Qxd1 1/2-1/2

[Event "8th Asia-ch"]
[Site "Subic Bay Free Port PHI"]
[Date "2010.04.27"]
[Round "7"]
[White "Dableo, Ronald"]
[Black "Zhou Weiqi"]
[Result "1/2-1/2"]
[WhiteElo "2464"]
[BlackElo "2584"]
[EventDate "2010.04.21"]
[PlyCount "70"]

1.Nf3 Nf6 2.c4 g6 3.g3 Bg7 4.Bg2 O-O 5.O-O d6 6.d4 Nc6 7.Nc3 a6 8.h3 Bd7 
9.e4 e5 10.dxe5 dxe5 11.Re1 Re8 12.Nd5 Nxd5 13.cxd5 Na7 14.Bg5 Qc8 15.Rc1 
Nb5 16.Kh2 h6 17.Be3 Qd8 18.a4 Nd6 19.Nd2 c6 20.Bc5 Bf8 21.Qb3 cxd5 22.
exd5 b5 23.Qa3 Qb8 24.a5 f5 25.Qb4 e4 26.f3 exf3 27.Bxf3 Rxe1 28.Rxe1 Qc7 
29.Nb3 Re8 30.Kg2 Kf7 31.h4 h5 32.Rxe8 Bxe8 33.Qf4 Kg8 34.Kh2 Bf7 35.Bg2 
Kh7 1/2-1/2

[Event "8th Asia-ch"]
[Site "Subic Bay Free Port PHI"]
[Date "2010.04.27"]
[Round "7"]
[White "Kuderinov, Kirill"]
[Black "Xiu Deshun"]
[Result "0-1"]
[WhiteElo "2442"]
[BlackElo "2493"]
[EventDate "2010.04.21"]
[PlyCount "132"]

1.e4 c5 2.Nf3 d6 3.d4 cxd4 4.Nxd4 Nf6 5.Nc3 a6 6.Bc4 e6 7.Bg5 Nbd7 8.Qe2 
Qa5 9.Bd2 Qb6 10.Nb3 Qc7 11.a4 g6 12.Rd1 Bg7 13.O-O O-O 14.Bg5 b6 15.Nd4 
Bb7 16.Rfe1 Rfe8 17.Ba2 Rac8 18.Qf3 Qc5 19.Bc1 Qb4 20.Bb3 e5 21.Nde2 Nc5 
22.Bg5 Bxe4 23.Nxe4 Qxe4 24.Rxd6 Qxf3 25.gxf3 Nxb3 26.cxb3 e4 27.f4 Nh5 
28.Ng3 Nxg3 29.hxg3 h6 30.Bf6 Rc2 31.f5 Bf8 32.Rd7 gxf5 33.Kf1 Re6 34.Bc3 
Rd6 35.Rb7 Bg7 36.Re2 Rd1+ 37.Re1 Rd6 38.Re2 Rc1+ 39.Re1 Rxe1+ 40.Kxe1 Bf6
41.b4 Kg7 42.a5 Bxc3+ 43.bxc3 bxa5 44.bxa5 Rd5 45.c4 Rxa5 46.Kd2 Ra2+ 47.
Ke3 Rc2 48.Ra7 Rxc4 49.Rxa6 Rc3+ 50.Ke2 Rf3 51.Ra5 Kg6 52.Ra6+ Kg5 53.Ra8 
f4 54.Rg8+ Kh5 55.gxf4 f5 56.Rf8 Rxf4 57.Rh8 Rf3 58.Rg8 Kh4 59.Rg1 Kh3 60.
Rg6 h5 61.Rg5 h4 62.Kf1 Rf4 63.Ke2 Rg4 64.Rxf5 Kg2 65.f3 exf3+ 66.Rxf3 
Re4+ 0-1

[Event "8th Asia-ch"]
[Site "Subic Bay Free Port PHI"]
[Date "2010.04.27"]
[Round "7"]
[White "Zeng Chongsheng"]
[Black "Salem, A. R. Saleh"]
[Result "1-0"]
[WhiteElo "2350"]
[BlackElo "2483"]
[EventDate "2010.04.21"]
[PlyCount "109"]

1.d4 Nf6 2.c4 g6 3.Nc3 Bg7 4.Nf3 O-O 5.g3 d5 6.cxd5 Nxd5 7.Bg2 Nb6 8.O-O 
Nc6 9.e3 e5 10.d5 Na5 11.e4 c6 12.d6 Bg4 13.b3 Nd7 14.h3 Bxf3 15.Bxf3 c5 
16.Nd5 Nc6 17.h4 Nd4 18.Bg5 f6 19.Be3 Nb6 20.Bxd4 exd4 21.Nc7 Rc8 22.Ne6 
Qxd6 23.Nxf8 Rxf8 24.e5 fxe5 25.Bxb7 Nd5 26.Qd3 Nc3 27.Be4 Kh8 28.Kg2 Qf6 
29.Rac1 Bh6 30.Rxc3 dxc3 31.Qxc3 Qd6 32.Qc2 Rd8 33.h5 Kg7 34.hxg6 hxg6 35.
Qe2 Qf6 36.Rd1 Rd4 37.Rd3 Qd6 38.Rf3 a6 39.Rc3 Bd2 40.Rc2 a5 41.Qg4 a4 42.
Qc8 Bb4 43.bxa4 Qd7 44.Qxd7+ Rxd7 45.a3 Bxa3 46.Ra2 Bb4 47.a5 c4 48.Ra4 
Bc5 49.Rxc4 Rd4 50.Rxc5 Rxe4 51.f3 Re2+ 52.Kf1 Ra2 53.Rxe5 Kf6 54.f4 Kf7 
55.Rg5 1-0

[Event "8th Asia-ch"]
[Site "Subic Bay Free Port PHI"]
[Date "2010.04.27"]
[Round "7"]
[White "Nadera, Barlo"]
[Black "Harika, Dronavalli"]
[Result "0-1"]
[WhiteElo "2405"]
[BlackElo "2473"]
[EventDate "2010.04.21"]
[PlyCount "44"]

1.d4 Nf6 2.c4 g6 3.Nc3 d5 4.cxd5 Nxd5 5.Bd2 Nb6 6.Bf4 Bg7 7.e3 O-O 8.h3 c5
9.dxc5 N6d7 10.Rc1 Nxc5 11.Nd5 Nba6 12.b4 Ne4 13.Bxa6 bxa6 14.Rc7 Kh8 15.
f3 e5 16.fxe4 exf4 17.exf4 Be6 18.Rc5 Qh4+ 19.Ke2 Bxd5 20.Qxd5 Qxf4 21.Nf3
Rad8 22.Qc6 Bd4 0-1

[Event "8th Asia-ch"]
[Site "Subic Bay Free Port PHI"]
[Date "2010.04.27"]
[Round "7"]
[White "Laylo, Darwin"]
[Black "Goh Weiming"]
[Result "1/2-1/2"]
[WhiteElo "2527"]
[BlackElo "2426"]
[EventDate "2010.04.21"]
[PlyCount "138"]

1.d4 Nf6 2.c4 e6 3.Nf3 b6 4.a3 Ba6 5.Qc2 Bb7 6.Nc3 c5 7.e4 cxd4 8.Nxd4 Bc5
9.Nb3 Nc6 10.Bg5 Nd4 11.Nxd4 Bxd4 12.Bd3 Qb8 13.Ne2 h6 14.Bd2 Bc5 15.b4 
Be7 16.O-O O-O 17.f4 d6 18.Rae1 Qc7 19.Nc3 Rac8 20.e5 dxe5 21.fxe5 Nd7 22.
Bf4 a5 23.Nb5 Qb8 24.Qb2 Bc6 25.Nd4 Ba8 26.Re3 Rfd8 27.Nb5 Bg5 28.Bxg5 
hxg5 29.Nd6 Nxe5 30.Nxc8 Nxd3 31.Ne7+ Kf8 32.Ng6+ Kg8 33.Qe2 Qd6 34.Ne7+ 
Kf8 35.Qh5 Nf4 36.Ng6+ Ke8 37.Nxf4 gxf4 38.Re2 Qd4+ 39.Ref2 axb4 40.axb4 
g6 41.Qb5+ Kf8 42.Re1 Rc8 43.Qa6 Rd8 44.Qa7 f3 45.Qc7 Rd7 46.Qg3 fxg2 47.
h4 Bc6 48.b5 Bb7 49.h5 gxh5 50.Qg5 h4 51.Qh6+ Ke8 52.Qg5 Kf8 53.Qh6+ Ke8 
54.Rxe6+ Kd8 55.Re1 Kc7 56.Qf4+ Qxf4 57.Rxf4 h3 58.Kh2 Bc8 59.Rf3 Rd4 60.
Rxf7+ Bd7 61.Rc1 Kd6 62.c5+ bxc5 63.Rf6+ Ke7 64.Rh6 Bxb5 65.Rxh3 Bc6 66.
Rh7+ Kd6 67.Rh6+ Kd7 68.Rh7+ Kd6 69.Rh6+ Kd7 1/2-1/2

[Event "8th Asia-ch"]
[Site "Subic Bay Free Port PHI"]
[Date "2010.04.27"]
[Round "7"]
[White "Djao Thien Hai"]
[Black "Battulga, Namhai"]
[Result "1-0"]
[WhiteElo "2523"]
[BlackElo "2357"]
[EventDate "2010.04.21"]
[PlyCount "97"]

1.d4 d5 2.c4 c6 3.Nc3 Nf6 4.Nf3 e6 5.Bg5 h6 6.Bxf6 Qxf6 7.e3 Nd7 8.Bd3 g6 
9.O-O Bg7 10.e4 dxc4 11.Bxc4 O-O 12.e5 Qe7 13.Re1 Rd8 14.Qe2 b6 15.Rac1 c5
16.d5 Bb7 17.Rcd1 a6 18.dxe6 fxe6 19.Rd6 Nf8 20.Rxb6 Qc7 21.Rb3 Rd7 22.Ne4
Bd5 23.Rc3 Qb6 24.Rc2 Rad8 25.Bxd5 Rxd5 26.Nc3 Rd4 27.Rcc1 Rf4 28.b3 Qa5 
29.Na4 Rd5 30.Qe3 g5 31.Rxc5 Rxc5 32.Nxc5 Qxa2 33.h3 Qa5 34.Rc1 Rf5 35.Qd3
Bxe5 36.Qxa6 Qxa6 37.Nxa6 Bf4 38.Rc6 e5 39.Nc5 h5 40.Ne4 Nd7 41.Rd6 Nf8 
42.Rf6 Rxf6 43.Nxf6+ Kf7 44.Nxh5 e4 45.Nxf4 exf3 46.Nd3 fxg2 47.Kxg2 Kf6 
48.Kg3 Kf5 49.b4 1-0

[Event "8th Asia-ch"]
[Site "Subic Bay Free Port PHI"]
[Date "2010.04.27"]
[Round "7"]
[White "Toufighi, Homayoon"]
[Black "Sharavdorj, Dashzeveg"]
[Result "1/2-1/2"]
[WhiteElo "2491"]
[BlackElo "2443"]
[EventDate "2010.04.21"]
[PlyCount "138"]

1.e4 e6 2.d4 d5 3.Nc3 Nf6 4.Bd3 c5 5.exd5 Nxd5 6.dxc5 Nxc3 7.bxc3 Bxc5 8.
Qh5 Qa5 9.Kf1 Nd7 10.Nf3 g6 11.Qh4 Be7 12.Bg5 Bxg5 13.Nxg5 Qxc3 14.Rd1 Qf6
15.Qh6 Nc5 16.Nxh7 Qb2 17.Qh4 Bd7 18.Nf6+ Ke7 19.Nd5+ Kf8 20.Qe7+ Kg7 21.
Qxc5 exd5 22.h4 Be6 23.Re1 Qf6 24.Qc7 b6 25.Qe5 Qxe5 26.Rxe5 d4 27.a4 Rac8
28.Ke2 Rc5 29.Re4 Rd8 30.Rb1 Bd5 31.Rg4 Bc6 32.Rb4 Ra5 33.Rbxd4 Rxd4 34.
Rxd4 Bxg2 35.f3 Bh3 36.Bb5 Be6 37.Kd2 Kf6 38.Kc3 a6 39.Bd3 Rc5+ 40.Kd2 b5 
41.Rd6 bxa4 42.Rxa6 Rh5 43.Rxa4 Ke7 44.Rf4 Kd6 45.Ke3 Kc5 46.Ra4 Rh8 47.
Kf2 Kd6 48.Kg3 Kc5 49.Ra5+ Kd4 50.Ra6 Bd5 51.Rd6 Ke5 52.Rd7 Be6 53.f4+ Kf6
54.Rc7 Ra8 55.Rc6 Ke7 56.Rc5 Rh8 57.Ra5 Kf6 58.Re5 Ke7 59.Re2 Kf6 60.Re5 
Ke7 61.Re1 Kf6 62.Rh1 Bd5 63.Rh2 Be6 64.Kf3 Ke7 65.Ke3 Kd6 66.f5 gxf5 67.
Kf4 Ke7 68.h5 Kf6 69.c4 Rd8 1/2-1/2

[Event "8th Asia-ch"]
[Site "Subic Bay Free Port PHI"]
[Date "2010.04.27"]
[Round "7"]
[White "Tu Hoang Thong"]
[Black "Lu Shanglei"]
[Result "1/2-1/2"]
[WhiteElo "2483"]
[BlackElo "2340"]
[EventDate "2010.04.21"]
[PlyCount "59"]

1.e4 c5 2.d3 Nc6 3.g3 d5 4.exd5 Qxd5 5.Nf3 Nd4 6.Bg2 Bh3 7.O-O Bxg2 8.Kxg2
Nf6 9.Be3 Nf5 10.Bf4 h6 11.Kg1 e6 12.c4 Qd8 13.Nc3 Be7 14.Qb3 b6 15.Qb5+ 
Nd7 16.Rad1 O-O 17.d4 a6 18.Qc6 Rc8 19.Qe4 Nf6 20.Qd3 cxd4 21.Nxd4 Nxd4 
22.Qxd4 Qxd4 23.Rxd4 Bc5 24.Rd3 Bb4 25.a3 Be7 26.Bd6 Rfe8 27.Bxe7 Rxe7 28.
Rd4 Rec7 29.b3 b5 30.Rc1 1/2-1/2

[Event "8th Asia-ch"]
[Site "Subic Bay Free Port PHI"]
[Date "2010.04.27"]
[Round "7"]
[White "Duong The Anh"]
[Black "Bui Vinh"]
[Result "0-1"]
[WhiteElo "2425"]
[BlackElo "2480"]
[EventDate "2010.04.21"]
[PlyCount "90"]

1.d4 d5 2.c4 c6 3.Nf3 Nf6 4.Qb3 e6 5.g3 Be7 6.Bg2 O-O 7.O-O b6 8.Nc3 Bb7 
9.Rd1 Nbd7 10.cxd5 cxd5 11.Bf4 Nh5 12.Rac1 a6 13.a4 Nxf4 14.gxf4 Kh8 15.f5
Bd6 16.Bh3 Qe7 17.Rd3 Qf6 18.Rcd1 Qh6 19.Bg2 g5 20.Ne5 Nxe5 21.dxe5 Bxe5 
22.Rh3 Qf6 23.Qxb6 Rab8 24.fxe6 g4 25.Rh5 fxe6 26.Qe3 Bf4 27.Qd4 Bc6 28.e3
Qxd4 29.Rxd4 Be8 30.Rhxd5 exd5 31.exf4 Rxb2 32.Bxd5 Bg6 33.Nd1 Rb1 34.Kg2 
Rd8 35.Ne3 Bf7 36.f5 Bxd5+ 37.Nxd5 Rb7 38.Rb4 Rxb4 39.Nxb4 Rd6 40.Kg3 Kg7 
41.Nc2 h5 42.Ne3 Rd2 43.Nf1 Ra2 44.Ne3 Rxa4 45.Kh4 Kh6 0-1

[Event "8th Asia-ch"]
[Site "Subic Bay Free Port PHI"]
[Date "2010.04.27"]
[Round "7"]
[White "Habla, Jony"]
[Black "Gao Rui"]
[Result "1-0"]
[WhiteElo "2316"]
[BlackElo "2464"]
[EventDate "2010.04.21"]
[PlyCount "103"]

1.d4 Nf6 2.Nf3 e6 3.Bg5 c5 4.e3 h6 5.Bxf6 Qxf6 6.Nbd2 cxd4 7.exd4 Nc6 8.c3
d5 9.Bd3 Be7 10.Qe2 O-O 11.O-O Bd7 12.Ne5 Nxe5 13.dxe5 Qh4 14.Nf3 Qh5 15.
h3 a6 16.Rfe1 Bc5 17.Qc2 Rac8 18.Kh2 f5 19.Qe2 g5 20.g3 g4 21.Nh4 Qg5 22.
f4 gxf3 23.Nxf3 Qh5 24.Rf1 Rf7 25.Nh4 Qg5 26.Ng2 Rg7 27.Qe1 d4 28.h4 Qe7 
29.c4 Kf7 30.Nf4 Rcg8 31.Rg1 Bc6 32.a3 Ba7 33.c5 Bxc5 34.Rc1 Bb6 35.Qf2 
Rg4 36.Kh3 R8g7 37.Nxe6 Qxe6 38.Bxf5 Rxg3+ 39.Rxg3 Rxg3+ 40.Kxg3 Qxe5+ 41.
Qf4 Qg7+ 42.Bg4+ Kg8 43.Kh3 Bc7 44.Qf5 Qf7 45.Qc8+ Kg7 46.Rg1 Qb3+ 47.Bf3+
Kf6 48.Qf8+ Qf7 49.Qxh6+ Ke7 50.Rg7 Bxf3 51.Rxf7+ Kxf7 52.Qh7+ 1-0

[Event "8th Asia-ch"]
[Site "Subic Bay Free Port PHI"]
[Date "2010.04.27"]
[Round "7"]
[White "Wen Yang"]
[Black "Macala, Allan"]
[Result "1-0"]
[WhiteElo "2520"]
[BlackElo "2283"]
[EventDate "2010.04.21"]
[PlyCount "89"]

1.e4 d6 2.d4 c6 3.g3 Nf6 4.Bg2 Nbd7 5.Ne2 e5 6.O-O Be7 7.a4 O-O 8.Nbc3 a5 
9.h3 Re8 10.g4 Nf8 11.Ng3 Ng6 12.Nf5 Be6 13.g5 Nd7 14.dxe5 dxe5 15.Qg4 Qc7
16.Ne2 Bc4 17.Re1 Bxe2 18.Rxe2 Ndf8 19.Be3 Rad8 20.Ree1 Ne6 21.Bf1 Ngf4 
22.h4 Bf8 23.Bc4 g6 24.Nh6+ Bxh6 25.gxh6 Qe7 26.c3 Rd6 27.Red1 Red8 28.
Rxd6 Rxd6 29.Kf1 Qf8 30.Rd1 Qd8 31.Rxd6 Qxd6 32.Bxf4 exf4 33.Bxe6 fxe6 34.
Ke2 Kf7 35.h5 e5 36.hxg6+ Qxg6 37.Qd7+ Kf8 38.Qc8+ Ke7 39.Qxb7+ Kd6 40.
Qb8+ Ke6 41.Qc8+ Kd6 42.Qf8+ Ke6 43.Qf5+ Qxf5 44.exf5+ Kxf5 45.b4 1-0

[Event "8th Asia-ch"]
[Site "Subic Bay Free Port PHI"]
[Date "2010.04.27"]
[Round "7"]
[White "Pascua, Haridas"]
[Black "Kidambi, Sundararajan"]
[Result "1-0"]
[WhiteElo "2358"]
[BlackElo "2520"]
[EventDate "2010.04.21"]
[PlyCount "77"]

1.d4 d5 2.c4 c6 3.cxd5 cxd5 4.Nc3 Nf6 5.Nf3 Nc6 6.Bf4 e6 7.e3 Nh5 8.Bg5 
Qb6 9.Qd2 h6 10.Bh4 g5 11.Bg3 Be7 12.Bd3 Nxg3 13.hxg3 Bd7 14.Rc1 g4 15.Ng1
O-O-O 16.a3 Kb8 17.Na4 Qa5 18.Nc5 Qxd2+ 19.Kxd2 Bc8 20.Na6+ bxa6 21.Rxc6 
Bb7 22.Rc3 a5 23.Ne2 h5 24.Nc1 h4 25.gxh4 Bxh4 26.g3 Bg5 27.Rxh8 Rxh8 28.
Nb3 Bd8 29.Nc5 Bc8 30.Ba6 Bxa6 31.Nxa6+ Ka8 32.Nc5 Rh2 33.Nd3 Kb7 34.Ke1 
Rh1+ 35.Ke2 Bb6 36.Ne5 f5 37.Rc6 a4 38.Rxe6 Ba5 39.Nd3 1-0

[Event "8th Asia-ch"]
[Site "Subic Bay Free Port PHI"]
[Date "2010.04.27"]
[Round "7"]
[White "Torre, Eugenio"]
[Black "Lou Yiping"]
[Result "1/2-1/2"]
[WhiteElo "2506"]
[BlackElo "2429"]
[EventDate "2010.04.21"]
[PlyCount "104"]

1.d4 Nf6 2.Nf3 g6 3.Nc3 d5 4.Bf4 Bg7 5.e3 O-O 6.Be2 c5 7.O-O b6 8.Nb5 Na6 
9.a4 Nh5 10.Bg5 h6 11.Bh4 Bb7 12.Nd2 Nf6 13.Bg3 Qd7 14.c3 Rfc8 15.Nf3 Ne4 
16.Be5 f6 17.Bf4 g5 18.Bg3 Nxg3 19.hxg3 Nc7 20.Nxc7 Rxc7 21.a5 Rd8 22.axb6
axb6 23.Qb3 Qd6 24.Rfd1 c4 25.Qc2 b5 26.Ra5 b4 27.Rda1 e6 28.Ra7 b3 29.Qg6
Bc6 30.R7a6 Qe7 31.Qb1 Be8 32.Nd2 Rd6 33.R6a5 f5 34.Nf3 Rdd7 35.R1a3 Ra7 
36.Qa1 Rxa5 37.Rxa5 g4 38.Nd2 h5 39.Ra6 Rc7 40.Qa5 Bf7 41.Nb1 Bh6 42.Nd2 
Bg5 43.Ra8+ Kg7 44.Qb6 Rb7 45.Qa6 Qc7 46.Kf1 Rb6 47.Qa4 Be7 48.Ke1 Rb8 49.
Ra7 Rb7 50.Ra6 Rb6 51.Ra7 Rb7 52.Ra8 Rb8 1/2-1/2

[Event "8th Asia-ch"]
[Site "Subic Bay Free Port PHI"]
[Date "2010.04.27"]
[Round "7"]
[White "Al-Sayed, Mohamad Naser"]
[Black "Senador, Emmanuel"]
[Result "1/2-1/2"]
[WhiteElo "2503"]
[BlackElo "2401"]
[EventDate "2010.04.21"]
[PlyCount "75"]

1.d4 d5 2.c4 e6 3.Nc3 c5 4.cxd5 exd5 5.Nf3 Nc6 6.g3 Nf6 7.Bg2 Be7 8.O-O 
O-O 9.Bg5 cxd4 10.Nxd4 h6 11.Bxf6 Bxf6 12.Nb3 d4 13.Ne4 Be7 14.Rc1 Qb6 15.
Qd2 a5 16.Nbc5 a4 17.Nd3 Ra5 18.Qc2 Be6 19.a3 Bb3 20.Qb1 Ne5 21.Nd2 Nxd3 
22.Qxd3 Rb5 23.Nxb3 Rxb3 24.Qe4 Bf6 25.Rc4 Rxb2 26.Rxa4 Qb5 27.Rb4 Qxe2 
28.Rxb2 Qxb2 29.Rb1 Qxa3 30.Bf1 Rb8 31.Rxb7 Rxb7 32.Qxb7 g6 33.Qe4 Kg7 34.
Bd3 h5 35.h4 Qd6 36.Kg2 Be7 37.Qb7 Bf6 38.Qe4 1/2-1/2

[Event "8th Asia-ch"]
[Site "Subic Bay Free Port PHI"]
[Date "2010.04.27"]
[Round "7"]
[White "Bitoon, Richard"]
[Black "Chan Wei Xuan, Timothy"]
[Result "1/2-1/2"]
[WhiteElo "2476"]
[BlackElo "2341"]
[EventDate "2010.04.21"]
[PlyCount "122"]

1.b3 e5 2.Bb2 Nc6 3.e3 d5 4.Bb5 Bd6 5.c4 a6 6.Bxc6+ bxc6 7.c5 Bxc5 8.Bxe5 
f6 9.Bb2 Ne7 10.Nf3 O-O 11.O-O a5 12.d3 Qe8 13.Nbd2 Bd6 14.Re1 Qh5 15.Rc1 
Bg4 16.h3 Bd7 17.Nf1 Bb4 18.Ng3 Qg6 19.Bc3 Bd6 20.Nh4 Qg5 21.Nf3 Qg6 22.
Nh4 Qg5 23.Nf3 Qh6 24.Nf1 Rfe8 25.e4 Ng6 26.Bd2 Nf4 27.Ng3 Qg6 28.Nh4 Qg5 
29.Nf3 Qg6 30.Re3 Bxh3 31.e5 Nxg2 32.Kh2 fxe5 33.Kxh3 Nxe3 34.Bxe3 e4 35.
dxe4 Bxg3 36.fxg3 Rxe4 37.Bf2 Rf8 38.Kg2 Ref4 39.Rc3 Qg4 40.Bc5 Re8 41.Bf2
Rf5 42.Qd4 Re4 43.Qd3 Rf6 44.Rc2 Rh6 45.Ng1 Rg6 46.Qf3 Qe6 47.Ne2 Rh6 48.
Ng1 Reh4 49.Re2 Rh2+ 50.Kf1 Qc8 51.Qc3 Rf6 52.Ke1 Rg2 53.Nf3 Qf5 54.Kf1 
Qh3 55.Re8+ Rf8 56.Rxf8+ Kxf8 57.Qc5+ Kg8 58.Qe3 h6 59.Ng1 Qh1 60.Qe6+ Kh7
61.Qf5+ Kg8 1/2-1/2

[Event "8th Asia-ch"]
[Site "Subic Bay Free Port PHI"]
[Date "2010.04.27"]
[Round "7"]
[White "Neelotpal, Das"]
[Black "Al-Huwar, Jasem"]
[Result "1-0"]
[WhiteElo "2445"]
[BlackElo "2308"]
[EventDate "2010.04.21"]
[PlyCount "69"]

1.d4 Nf6 2.c4 g6 3.Nc3 d5 4.cxd5 Nxd5 5.Bd2 Bg7 6.e4 Nb6 7.Be3 O-O 8.h3 
Nc6 9.Nf3 Re8 10.Bb5 Bd7 11.Be2 Na5 12.Qc2 Nac4 13.Bg5 Rc8 14.b4 h6 15.Bh4
a5 16.bxa5 Nxa5 17.O-O f5 18.Bg3 c5 19.d5 fxe4 20.Ne5 Bf5 21.Rad1 c4 22.
Bg4 Nd7 23.Bxf5 gxf5 24.Ng6 b5 25.d6 exd6 26.Nxb5 Qf6 27.Nxd6 Qxg6 28.Nxc8
Rxc8 29.Rxd7 c3 30.Rfd1 Qb6 31.R1d6 Qb2 32.Rg6 Nc4 33.Rgxg7+ Kh8 34.Rh7+ 
Kg8 35.Qd1 1-0

[Event "8th Asia-ch"]
[Site "Subic Bay Free Port PHI"]
[Date "2010.04.27"]
[Round "7"]
[White "Li Hanbin"]
[Black "Lu Yijie"]
[Result "1-0"]
[WhiteElo "2330"]
[BlackElo "2349"]
[EventDate "2010.04.21"]
[PlyCount "69"]

1.e4 c5 2.Nf3 d6 3.d4 cxd4 4.Nxd4 Nf6 5.Nc3 a6 6.Bc4 e6 7.Bb3 b5 8.Bg5 Be7
9.Qf3 Qb6 10.O-O-O O-O 11.g4 b4 12.Na4 Qb7 13.Bxf6 Bxf6 14.Qe3 Nc6 15.Nxc6
Qxc6 16.g5 Be7 17.f4 Bb7 18.Rhe1 Rac8 19.f5 Kh8 20.Kb1 Rc7 21.Rd3 exf5 22.
exf5 Bd8 23.f6 gxf6 24.Qd4 Re8 25.Rxe8+ Qxe8 26.gxf6 Bc6 27.Nb6 Bf3 28.a4 
Rc6 29.Rxf3 Rxb6 30.Qg4 Qg8 31.Qc8 d5 32.Bxd5 Qg1+ 33.Ka2 Rd6 34.Rg3 Qxh2 
35.Qg4 1-0

[Event "8th Asia-ch"]
[Site "Subic Bay Free Port PHI"]
[Date "2010.04.27"]
[Round "7"]
[White "Datu, Alcon John"]
[Black "Wohl, Aleksandar"]
[Result "1/2-1/2"]
[WhiteElo "2220"]
[BlackElo "2441"]
[EventDate "2010.04.21"]
[PlyCount "132"]

1.d4 e6 2.c4 b6 3.Nf3 Bb7 4.g3 Bxf3 5.exf3 d5 6.Nc3 Nf6 7.Bg2 Be7 8.Be3 
O-O 9.O-O Nc6 10.f4 Na5 11.b3 Qd7 12.Qe2 Rad8 13.Rfd1 Bb4 14.Rac1 dxc4 15.
bxc4 Bxc3 16.Rxc3 Qa4 17.Bf3 Rd7 18.Qc2 Qxc2 19.Rxc2 Rfd8 20.Rb1 Ne8 21.
Bd2 Rxd4 22.Bxa5 bxa5 23.Rb7 Kf8 24.Rxa7 Rd2 25.Rxd2 Rxd2 26.Rxa5 Rc2 27.
c5 Nf6 28.a4 Rc4 29.Kg2 Ke7 30.c6 Nd5 31.f5 Kd6 32.fxe6 fxe6 33.Ra8 Rxc6 
34.a5 Rc2 35.a6 Ra2 36.a7 Ke7 37.Rg8 Rxa7 38.Rxg7+ Kd6 39.Rxh7 Ra2 40.h4 
c5 41.Rh8 Ra7 42.h5 Rc7 43.h6 c4 44.h7 Kc5 45.Be4 Nf6 46.Bc2 e5 47.Kf3 c3 
48.Ke3 e4 49.Rf8 Nd5+ 50.Kxe4 Rxh7 51.Rc8+ Nc7 52.g4 Re7+ 53.Kd3 Kb4 54.
Rb8+ Nb5 55.f4 Rd7+ 56.Ke3 Re7+ 57.Kd3 Rd7+ 58.Ke4 Re7+ 59.Kf5 Kc4 60.Kf6 
Rc7 61.g5 Nd4 62.g6 Nxc2 63.g7 Rxg7 64.Kxg7 Ne3 65.Kf6 c2 66.Rc8+ Kd3 
1/2-1/2

[Event "8th Asia-ch"]
[Site "Subic Bay Free Port PHI"]
[Date "2010.04.27"]
[Round "7"]
[White "Ginting, Nasib"]
[Black "Legaspi, Rhobel"]
[Result "1-0"]
[WhiteElo "2397"]
[BlackElo "2314"]
[EventDate "2010.04.21"]
[PlyCount "53"]

1.d4 Nf6 2.c4 e6 3.g3 Bb4+ 4.Bd2 c5 5.Bxb4 cxb4 6.Bg2 O-O 7.Nf3 d6 8.O-O 
Re8 9.Qd3 Qc7 10.Nbd2 Na6 11.Ne1 e5 12.Nc2 Bd7 13.a3 bxa3 14.Rxa3 Bc6 15.
d5 Bd7 16.b4 Qb6 17.Qc3 h5 18.h3 Bf5 19.e4 Bg6 20.Rb1 Rac8 21.Ra4 Re7 22.
Qa3 Qd8 23.Ne3 Rec7 24.Rc1 Qe7 25.h4 Nd7 26.c5 dxc5 27.Ndc4 1-0

[Event "8th Asia-ch"]
[Site "Subic Bay Free Port PHI"]
[Date "2010.04.27"]
[Round "7"]
[White "De Ramos, Julius"]
[Black "Yee Soon Wei"]
[Result "0-1"]
[WhiteElo "2314"]
[BlackElo "2209"]
[EventDate "2010.04.21"]
[PlyCount "130"]

1.Nf3 Nf6 2.c4 c6 3.Nc3 d5 4.e3 e6 5.b3 Nbd7 6.Bb2 Bd6 7.Be2 b6 8.Qc2 Bb7 
9.O-O O-O 10.d4 Qe7 11.e4 Nxe4 12.Nxe4 dxe4 13.Qxe4 f5 14.Qh4 Nf6 15.Rfe1 
c5 16.Bd3 Ne4 17.Qxe7 Bxe7 18.Bxe4 fxe4 19.Nd2 cxd4 20.Bxd4 Rad8 21.Be3 
Rd3 22.Nf1 Rfd8 23.Ng3 Bb4 24.Rec1 Bc3 25.Rab1 Bd2 26.Bxd2 Rxd2 27.Nf1 
Rxa2 28.Ra1 Rxa1 29.Rxa1 a6 30.Ne3 Rd3 31.Rb1 Kf7 32.Kf1 Ke7 33.Ke2 Kd6 
34.Rd1 Rxd1 35.Kxd1 Kc5 36.Kc2 b5 37.cxb5 axb5 38.Kc3 b4+ 39.Kc2 Ba6 40.
Kd2 g5 41.Nd1 Kd4 42.Ne3 h5 43.Nc2+ Kc5 44.Ne3 Bb7 45.Kc2 Bd5 46.Nd1 Kd4 
47.Ne3 Bb7 48.Kd2 Bc6 49.Nc2+ Kc5 50.Ke3 Bd5 51.Na1 e5 52.g3 h4 53.Kd2 Bf7
54.Ke3 Kd6 55.Kd2 Ke6 56.Nc2 Kf6 57.Nxb4 Bxb3 58.Ke3 Kf7 59.h3 Bc4 60.g4 
Ke6 61.Kxe4 Bf1 62.Nd3 Bxh3 63.Nxe5 Bg2+ 64.Nf3 Bf1 65.Ke3 Kd5 0-1